[Event "V Memorial Gianfranco Molinari A"]
[Site "Milano ITA"]
[Date "2011.10.30"]
[Round "3"]
[White "Cattaneo, Marco"]
[Black "Quaranta, Cristiano"]
[Result "1/2-1/2"]
[WhiteElo "1986"]
[BlackElo "2128"]
[PlyCount "45"]
[EventDate "2011.10.28"]

1. d4 e6 2. c4 f5 3. g3 Nf6 4. Bg2 Be7 5. Nf3 O-O 6. O-O d6 7. Nc3 a5 8. b3 Ne4
9. Bb2 Nxc3 10. Bxc3 Nd7 11. Qc2 Qe8 12. Rfe1 Nf6 13. Nd2 Qh5 14. e4 f4 15. Nf3
fxg3 16. fxg3 Ng4 17. h3 Nh6 18. g4 Qg6 19. Re2 Nf7 20. e5 Qxc2 21. Rxc2 dxe5
22. Nxe5 Nxe5 23. dxe5 1/2-1/2

[Event "V Memorial Gianfranco Molinari A"]
[Site "Milano ITA"]
[Date "2011.10.30"]
[Round "3"]
[White "Cazzaniga, Walter"]
[Black "Cani, Gazmir"]
[Result "1-0"]
[WhiteElo "2118"]
[BlackElo "2140"]
[PlyCount "54"]
[EventDate "2011.10.28"]

1. d4 Nf6 2. c4 g6 3. Nc3 Bg7 4. e4 O-O 5. f3 d6 6. Be3 c5 7. Nge2 Nc6 8. d5
Ne5 9. Ng3 e6 10. Be2 exd5 11. cxd5 h5 12. O-O a6 13. a4 Nh7 14. f4 Ng4 15.
Bxg4 Bxg4 16. Qd2 h4 17. Nh1 Re8 18. Nf2 Bd7 19. e5 dxe5 20. Bxc5 h3 21. Nxh3
Bxh3 22. gxh3 exf4 23. Qxf4 Ng5 24. Qg4 Rc8 25. Bf2 Bxc3 26. bxc3 Qxd5 27. Bd4
Re4 1-0

[Event "V Memorial Gianfranco Molinari A"]
[Site "Milano ITA"]
[Date "2011.10.30"]
[Round "3"]
[White "Gongalov, Bojan"]
[Black "Arnold, Daniele"]
[Result "1-0"]
[WhiteElo "2084"]
[BlackElo "1856"]
[PlyCount "77"]
[EventDate "2011.10.28"]

1. d4 d5 2. c4 c6 3. Nf3 Nf6 4. g3 e6 5. Bg2 Nbd7 6. Qc2 Bd6 7. O-O O-O 8. Rd1
Qe7 9. Bg5 h6 10. Bxf6 Nxf6 11. Nc3 Rd8 12. e4 dxe4 13. Nxe4 Bc7 14. Ne5 Nd7
15. Qc3 f6 16. Nd3 e5 17. d5 cxd5 18. cxd5 Bd6 19. f4 exf4 20. Nxf4 Ne5 21. Qb3
Bf5 22. Ne6 Bxe6 23. dxe6 Rab8 24. Rac1 Kh8 25. h3 b6 26. Nxd6 Rxd6 27. Rxd6
Qxd6 28. Qd5 Qe7 29. Be4 Re8 30. h4 Rd8 31. Qb3 g6 32. h5 g5 33. Bf5 Qd6 34.
Qe3 Re8 35. Qc3 Qe7 36. a4 Qb7 37. Qc7 Re7 38. Qd8+ Kg7 39. Rc8 1-0

[Event "V Memorial Gianfranco Molinari A"]
[Site "Milano ITA"]
[Date "2011.10.30"]
[Round "3"]
[White "Jara, Erik"]
[Black "Sbarra, Marco"]
[Result "1-0"]
[WhiteElo "2158"]
[BlackElo "2227"]
[PlyCount "93"]
[EventDate "2011.10.28"]

1. c4 e6 2. e4 d5 3. exd5 exd5 4. d4 Nf6 5. Nc3 Be7 6. Bg5 O-O 7. Nf3 Re8 8.
Be2 dxc4 9. O-O Be6 10. Ne5 Nbd7 11. Nxc4 Nd5 12. Bxe7 Qxe7 13. Ne3 N7b6 14.
Bf3 Qd7 15. Qd2 Rad8 16. Rad1 c6 17. Rfe1 Qd6 18. Ne4 Qf4 19. Nc5 Bc8 20. b3
Nf6 21. Qc3 Rd6 22. Rd3 Red8 23. Red1 Nbd5 24. Qd2 Qh4 25. g3 Qh6 26. Bg2 Qh5
27. Nc4 Ng4 28. Nxd6 Qxh2+ 29. Kf1 Rxd6 30. Qg5 Nxf2 31. Kxf2 Rf6+ 32. Rf3 Bh3
33. Rg1 h6 34. Qh5 g6 35. Qxd5 cxd5 36. Rxf6 Bxg2 37. Rxg2 Qh1 38. Rg1 Qh2+ 39.
Rg2 Qh1 40. Nd3 Kg7 41. Rd6 Qd1 42. Ke3 Qh1 43. Rf2 Qe4+ 44. Kd2 f5 45. Re2
Qxd4 46. Re7+ Kf8 47. Rxb7 1-0

[Event "V Memorial Gianfranco Molinari A"]
[Site "Milano ITA"]
[Date "2011.10.30"]
[Round "3"]
[White "Manansala, Eduardo"]
[Black "Pelizzola, Danilo"]
[Result "0-1"]
[WhiteElo "1946"]
[BlackElo "2006"]
[PlyCount "64"]
[EventDate "2011.10.28"]

1. c4 d6 2. g3 g6 3. Bg2 Bg7 4. Nc3 Nd7 5. d3 e5 6. e4 Ne7 7. Nge2 O-O 8. O-O
f5 9. f4 c6 10. Be3 Nf6 11. h3 Be6 12. b3 Qd7 13. Kh2 b6 14. Qd2 Rae8 15. Rad1
Nh5 16. d4 exf4 17. Nxf4 Nxf4 18. Bxf4 fxe4 19. Nxe4 d5 20. Ng5 Nf5 21. Nxe6
Rxe6 22. cxd5 cxd5 23. Qc3 Re2 24. Be5 Rc8 25. Qf3 Rcc2 26. Rg1 Ne3 27. Rc1
Rxg2+ 28. Rxg2 Rxg2+ 29. Qxg2 Nxg2 30. Rc7 Qxc7 31. Bxc7 Ne3 32. Bb8 a6 0-1

[Event "V Memorial Gianfranco Molinari A"]
[Site "Milano ITA"]
[Date "2011.10.30"]
[Round "3"]
[White "Moreschi, Mauro"]
[Black "Arboscelli, Gregorio"]
[Result "0-1"]
[WhiteElo "1861"]
[BlackElo "1907"]
[PlyCount "50"]
[EventDate "2011.10.28"]

1. e4 e5 2. Nc3 Nc6 3. g3 Bc5 4. Bg2 Nf6 5. Nge2 O-O 6. O-O d6 7. h3 a6 8. d3
h6 9. Kh2 Be6 10. f4 Nd4 11. fxe5 dxe5 12. Bd2 Kh7 13. g4 Nxg4+ 14. Kg3 Nf6 15.
Ng1 c6 16. Nf3 Bd6 17. Ne2 Nh5+ 18. Kh2 Nxf3+ 19. Rxf3 f5 20. Qg1 f4 21. d4 g5
22. dxe5 Bxe5 23. Rd3 f3+ 24. Nf4 Qc7 25. Bxf3 Nxf4 0-1

[Event "V Memorial Gianfranco Molinari A"]
[Site "Milano ITA"]
[Date "2011.10.30"]
[Round "3"]
[White "Moroni, Luca jr"]
[Black "Martinez, Rolly"]
[Result "0-1"]
[WhiteElo "1998"]
[BlackElo "2411"]
[PlyCount "98"]
[EventDate "2011.10.28"]

1. e4 c5 2. Nf3 Nc6 3. d4 cxd4 4. Nxd4 e6 5. Nc3 Qc7 6. Be2 a6 7. O-O Nf6 8.
Be3 Be7 9. f4 d6 10. Qe1 O-O 11. Qg3 Re8 12. Kh1 Bd7 13. Rad1 Bf8 14. e5 dxe5
15. fxe5 Qxe5 16. Bf4 Qxd4 17. Rxd4 Nxd4 18. Be5 Nxe2 19. Nxe2 Ne4 20. Qf4 f5
21. Ng3 Bc6 22. Nxe4 Bxe4 23. Qc1 Rac8 24. c3 Rc5 25. Bd4 Rd5 26. Bb6 e5 27.
Rd1 Re6 28. Rxd5 Bxd5 29. c4 Be4 30. c5 Rg6 31. Qc4+ Kh8 32. Kg1 Bxg2 33. Kf2
Bc6 34. b4 Rg2+ 35. Ke1 Be7 36. Qe6 Bh4+ 37. Kf1 Rf2+ 38. Kg1 h6 39. Qxe5 Rf3
40. h3 Bf2+ 41. Kh2 Bg3+ 42. Qxg3 Rxg3 43. Kxg3 g5 44. h4 Kg7 45. Bd8 Kg6 46.
a3 f4+ 47. Kf2 g4 48. Bc7 Kf5 49. Bd6 g3+ 0-1

[Event "V Memorial Gianfranco Molinari A"]
[Site "Milano ITA"]
[Date "2011.10.30"]
[Round "3"]
[White "Nepi, Ezio"]
[Black "Barberi, Alessandro"]
[Result "0-1"]
[WhiteElo "1961"]
[BlackElo "2062"]
[PlyCount "106"]
[EventDate "2011.10.28"]

1. d4 g6 2. c4 Bg7 3. e4 d6 4. Nc3 Nc6 5. Be3 e5 6. d5 Nce7 7. Bd3 f5 8. exf5
Nxf5 9. Bxf5 Bxf5 10. Nge2 Nf6 11. Ng3 O-O 12. O-O h6 13. f3 c5 14. Nge4 g5 15.
Nxf6+ Qxf6 16. Qe2 Qg6 17. Rad1 g4 18. Kh1 Rae8 19. Bc1 e4 20. f4 e3 21. Nb5 a6
22. Nc7 Re7 23. Ne6 Bxe6 24. dxe6 Qxe6 25. Rd5 Ref7 26. Qxe3 Qxe3 27. Bxe3 Re8
28. Bc1 Re2 29. Rxd6 Bxb2 30. Rd2 Rxd2 31. Bxd2 Rd7 32. Be3 Kf7 33. g3 Bd4 34.
Rd1 Kf6 35. Bxd4+ cxd4 36. Kg2 Kf5 37. Kf2 Ke4 38. Ke2 d3+ 39. Kd2 Kd4 40. Rc1
Re7 41. Re1 Rxe1 42. Kxe1 Kxc4 43. f5 Kd5 44. Kd2 Ke5 45. Kxd3 Kxf5 46. Kd4 Ke6
47. Kc5 Kd7 48. Kb6 Kc8 49. Kc5 Kc7 50. Kd5 b5 51. Ke5 a5 52. Kf5 b4 53. Ke4
Kc6 0-1

[Event "V Memorial Gianfranco Molinari A"]
[Site "Milano ITA"]
[Date "2011.10.30"]
[Round "3"]
[White "Nicolo', Filippo"]
[Black "Paganini, Andrea"]
[Result "1/2-1/2"]
[WhiteElo "2017"]
[BlackElo "1847"]
[PlyCount "80"]
[EventDate "2011.10.28"]

1. d4 d5 2. Nf3 b5 3. Bg5 Nf6 4. e3 a6 5. Bd3 Bb7 6. Ne5 e6 7. Nd2 Be7 8. O-O
c5 9. c3 O-O 10. f4 Nc6 11. Rf3 Ne4 12. Bxe7 Qxe7 13. Rh3 Nxe5 14. fxe5 h6 15.
Qe2 b4 16. cxb4 cxb4 17. Bxe4 dxe4 18. Qg4 f5 19. Qg6 Qf7 20. Rxh6 Qxg6 21.
Rxg6 Kf7 22. Rg5 Rfc8 23. Nb3 Rc2 24. Nc5 Bd5 25. b3 a5 26. g4 a4 27. bxa4 Rxa2
28. Rb1 b3 29. gxf5 exf5 30. Rxf5+ Ke7 31. Nxb3 Rb8 32. Nd2 Rxb1+ 33. Nxb1 Ra1
34. Rf1 Bc4 35. Nd2 Bxf1 36. Nxf1 Rxa4 37. Ng3 Ra2 38. Nxe4 Re2 39. Ng3 Ra2 40.
h4 g6 1/2-1/2

[Event "V Memorial Gianfranco Molinari A"]
[Site "Milano ITA"]
[Date "2011.10.30"]
[Round "3"]
[White "Pace, Pietro Dario"]
[Black "Tarelli, Daniele"]
[Result "1-0"]
[WhiteElo "2276"]
[BlackElo "1900"]
[PlyCount "75"]
[EventDate "2011.10.28"]

1. e4 c5 2. Nf3 d6 3. c3 Nf6 4. Bd3 e5 5. Bc2 Nc6 6. d3 Be7 7. O-O Bg4 8. h3
Bh5 9. Re1 Qc7 10. Qe2 a6 11. a4 Rd8 12. Nbd2 O-O 13. Nf1 b5 14. Ng3 Bg6 15.
Nh4 Rfe8 16. Nhf5 Rb8 17. Nxe7+ Qxe7 18. Qf3 b4 19. Nf5 Qd7 20. g4 Bxf5 21.
gxf5 a5 22. Kh2 d5 23. Rg1 Kh8 24. Qe3 d4 25. Qg5 Rg8 26. c4 b3 27. Bd1 Nb4 28.
Be2 Nc2 29. Rb1 Qxa4 30. f4 Qa2 31. fxe5 Ne8 32. Bf4 Rc8 33. f6 Na3 34. Rg4
Qxb1 35. Rh4 Rf8 36. Qh5 h6 37. Bxh6 g6 38. Bg7+ 1-0

[Event "V Memorial Gianfranco Molinari A"]
[Site "Milano ITA"]
[Date "2011.10.30"]
[Round "3"]
[White "Popovich, Fabio"]
[Black "Olivieri, Alessandro"]
[Result "0-1"]
[WhiteElo "1805"]
[BlackElo "1936"]
[PlyCount "74"]
[EventDate "2011.10.28"]

1. e4 d6 2. d4 Nf6 3. Nc3 g6 4. Bg5 Bg7 5. Qd2 h6 6. Bh4 g5 7. Bg3 Nh5 8. f4
Nxf4 9. Bxf4 gxf4 10. Qxf4 Bxd4 11. Bc4 e6 12. Nge2 Be5 13. Qf3 Nc6 14. O-O Rh7
15. Rad1 Bd7 16. Nf4 Qe7 17. Nb5 O-O-O 18. Qe3 Kb8 19. Nd3 Qg5 20. Qf2 a6 21.
Nxe5 Qxe5 22. Nc3 Rg8 23. Ne2 Rhg7 24. Nf4 Qg5 25. Rd2 Ne5 26. Be2 Bc6 27. Bd3
Ng4 28. Qe2 Qc5+ 29. Kh1 e5 30. Nh5 Rg5 31. Ng3 Nxh2 32. Kxh2 Rxg3 33. Rf2 d5
34. b4 Qxb4 35. c3 Qe7 36. Rb2 Qh4+ 37. Kg1 Rh3 0-1

[Event "V Memorial Gianfranco Molinari A"]
[Site "Milano ITA"]
[Date "2011.10.30"]
[Round "3"]
[White "Rossi, Giampiero"]
[Black "Pedroli, Marco"]
[Result "1-0"]
[WhiteElo "1902"]
[BlackElo "1900"]
[PlyCount "103"]
[EventDate "2011.10.28"]

1. d4 d5 2. c4 e6 3. Nc3 c6 4. e4 dxe4 5. Nxe4 Bb4+ 6. Nc3 Nf6 7. Nf3 Ne4 8.
Qd3 Nxc3 9. bxc3 Be7 10. Be2 O-O 11. O-O Nd7 12. Bf4 Nf6 13. Rfd1 Bd6 14. Ne5
Qe7 15. Rab1 Nd7 16. Qg3 Bxe5 17. Bxe5 Nxe5 18. dxe5 b6 19. Rd6 Bb7 20. Rbd1
Rad8 21. Qd3 Rxd6 22. Qxd6 Qxd6 23. Rxd6 c5 24. Rd7 Rb8 25. f4 Kf8 26. Kf2 Ke8
27. Rc7 a6 28. g3 Bc8 29. Bh5 g6 30. Bf3 Bd7 31. Bc6 Bxc6 32. Rxc6 Kd7 33. Rd6+
Kc7 34. Ke3 Rd8 35. Rxd8 Kxd8 36. g4 h6 37. Ke4 Kd7 38. h4 Kc6 39. a4 b5 40.
axb5+ axb5 41. Kd3 Kb6 42. cxb5 Kxb5 43. Ke3 Ka4 44. Kd2 Kb3 45. Kd3 c4+ 46.
Kd4 Kc2 47. Kxc4 Kd2 48. Kd4 Ke2 49. Ke4 Kf2 50. g5 h5 51. c4 Kg3 52. c5 1-0

[Event "V Memorial Gianfranco Molinari A"]
[Site "Milano ITA"]
[Date "2011.10.30"]
[Round "4"]
[White "Arboscelli, Gregorio"]
[Black "Nepi, Ezio"]
[Result "1/2-1/2"]
[WhiteElo "1907"]
[BlackElo "1961"]
[PlyCount "40"]
[EventDate "2011.10.28"]

1. d4 d5 2. c4 c6 3. cxd5 cxd5 4. Nf3 Nc6 5. Nc3 Nf6 6. Bf4 Ne4 7. e3 Nxc3 8.
bxc3 g6 9. Bd3 Bg7 10. O-O O-O 11. c4 dxc4 12. Bxc4 Bg4 13. h3 Bxf3 14. Qxf3 e5
15. dxe5 Nxe5 16. Bxe5 Bxe5 17. Rfd1 Qe7 18. Rab1 b6 19. Rd5 Rac8 20. Bb3 Rc7
1/2-1/2

[Event "V Memorial Gianfranco Molinari A"]
[Site "Milano ITA"]
[Date "2011.10.30"]
[Round "4"]
[White "Arnold, Daniele"]
[Black "Manansala, Eduardo"]
[Result "1/2-1/2"]
[WhiteElo "1856"]
[BlackElo "1946"]
[PlyCount "109"]
[EventDate "2011.10.28"]

1. e4 e6 2. d4 d5 3. Nc3 Nf6 4. exd5 exd5 5. Nf3 Nc6 6. Be2 Bf5 7. a3 Bd6 8.
Bg5 Be7 9. O-O O-O 10. Bd3 Bg4 11. Be2 Re8 12. Ne5 Bxe2 13. Nxe2 Nxe5 14. dxe5
Ng4 15. Bf4 Bc5 16. Nc3 Nxe5 17. Qxd5 Qxd5 18. Nxd5 Bd6 19. Bxe5 Rxe5 20. Rad1
Re2 21. Ne3 g6 22. Rfe1 Rxe1+ 23. Rxe1 Be5 24. b3 Rd8 25. Rd1 Bd6 26. Kf1 b5
27. Ke2 Re8 28. Rd5 f5 29. g3 a6 30. a4 bxa4 31. bxa4 f4 32. gxf4 Bxf4 33. Ra5
Bxh2 34. Rxa6 Bf4 35. Rc6 Ra8 36. Rc4 Bd6 37. Nd5 Kf7 38. Kd3 Ra7 39. Ke4 h5
40. Nc3 Ke6 41. Nb5 Ra5 42. Nxc7+ Bxc7 43. Rxc7 Rxa4+ 44. Kf3 Kf5 45. c4 Ra3+
46. Kg2 Kg4 47. c5 g5 48. c6 Rc3 49. Rc8 Rc2 50. c7 h4 51. Kf1 h3 52. Kg1 h2+
53. Kxh2 Rxf2+ 54. Kg1 Rc2 55. Kf1 1/2-1/2

[Event "V Memorial Gianfranco Molinari A"]
[Site "Milano ITA"]
[Date "2011.10.30"]
[Round "4"]
[White "Barberi, Alessandro"]
[Black "Tarelli, Daniele"]
[Result "1-0"]
[WhiteElo "2062"]
[BlackElo "1900"]
[PlyCount "151"]
[EventDate "2011.10.28"]

1. d4 f5 2. Nc3 d5 3. f3 Nf6 4. Bg5 e6 5. e4 fxe4 6. fxe4 Be7 7. e5 Nfd7 8. Bd3
Nf8 9. Be3 Nc6 10. a3 h5 11. Nh3 Kf7 12. Qf3+ Kg8 13. O-O-O Qe8 14. Rdf1 Bd7
15. Ng5 Bxg5 16. Bxg5 Nxd4 17. Qg3 c5 18. Be3 b5 19. Bxd4 cxd4 20. Ne2 b4 21.
axb4 Qe7 22. Nxd4 Qxb4 23. c3 Qe7 24. Rf3 h4 25. Qf2 Be8 26. Rf1 Bh5 27. Rf4
Ng6 28. Rf7 Nxe5 29. Rxe7 Nxd3+ 30. Kd2 Nxf2 31. Rxf2 Rf8 32. Rxg7+ Kxg7 33.
Nxe6+ Kh6 34. Nxf8 Bg4 35. Ne6 Bxe6 36. Rf6+ Kg5 37. Rxe6 Rg8 38. Kd3 Kf5 39.
Re2 Rg4 40. b4 a6 41. h3 Rc4 42. Re8 Kf4 43. Rg8 Kf5 44. Rh8 a5 45. Rh5+ Ke6
46. bxa5 Kd6 47. a6 Ra4 48. a7 Rxa7 49. Rxh4 Ke6 50. Rh5 Ra1 51. Rg5 Rh1 52.
Rg3 Ke5 53. Re3+ Kf4 54. g3+ Kf5 55. Kd4 Kf6 56. g4 Rd1+ 57. Rd3 Ra1 58. Kxd5
Ra8 59. Rf3+ Kg5 60. Rf5+ Kh4 61. Rh5+ Kg3 62. c4 Rd8+ 63. Ke6 Kf4 64. c5 Rg8
65. c6 Rg6+ 66. Kd7 Rg7+ 67. Kc8 Ke4 68. c7 Rf7 69. Kb8 Rf3 70. c8=Q Rb3+ 71.
Qb7+ Rxb7+ 72. Kxb7 Kf4 73. Rf5+ Kg3 74. g5 Kxh3 75. g6 Kg4 76. Rb5 1-0

[Event "V Memorial Gianfranco Molinari A"]
[Site "Milano ITA"]
[Date "2011.10.30"]
[Round "4"]
[White "Bemporad, Filippo"]
[Black "Moroni, Luca jr"]
[Result "0-1"]
[WhiteElo "2093"]
[BlackElo "1998"]
[PlyCount "94"]
[EventDate "2011.10.28"]

1. d4 d5 2. Nf3 Nf6 3. c4 e6 4. g3 Be7 5. Bg2 Nbd7 6. O-O O-O 7. Nc3 dxc4 8. a4
Nd5 9. Nd2 N7f6 10. Nxc4 b6 11. e4 Nxc3 12. bxc3 Bb7 13. Re1 c5 14. Rb1 Rc8 15.
Ne5 cxd4 16. cxd4 Nd7 17. Nd3 Bf6 18. Be3 Qc7 19. Rc1 Qb8 20. Qb3 Rxc1 21. Rxc1
Rc8 22. Rb1 Qa8 23. f3 Rc7 24. Rc1 Rxc1+ 25. Nxc1 Qc8 26. Ne2 Ba6 27. Nc3 Bc4
28. Qb4 a5 29. Qd6 Bb3 30. Nb5 Bxa4 31. Bf1 Bd1 32. Kg2 h5 33. Bd3 Bc2 34. Be2
Ba4 35. Bf2 h4 36. gxh4 Qc2 37. Qxd7 Qxe2 38. Qe8+ Kh7 39. Qxf7 Qxb5 40. Qxe6
Qc6 41. Qf5+ Kg8 42. h5 Qd7 43. Qg6 Qf7 44. Qf5 Bd7 45. Qf4 Qxh5 46. Qb8+ Kh7
47. Qxb6 Bh3+ 0-1

[Event "V Memorial Gianfranco Molinari A"]
[Site "Milano ITA"]
[Date "2011.10.30"]
[Round "4"]
[White "Cani, Gazmir"]
[Black "Cattaneo, Marco"]
[Result "1/2-1/2"]
[WhiteElo "2140"]
[BlackElo "1986"]
[PlyCount "45"]
[EventDate "2011.10.28"]

1. d4 d5 2. Nf3 Nf6 3. c4 c6 4. e3 e6 5. b3 Nbd7 6. Bb2 Bd6 7. Be2 b6 8. O-O
O-O 9. Nbd2 Bb7 10. Ne5 c5 11. cxd5 exd5 12. f4 cxd4 13. exd4 Ne4 14. Rc1 Rc8
15. Rxc8 Qxc8 16. Nxe4 dxe4 17. Qd2 Qd8 18. Rd1 Nf6 19. Bc4 Nd5 20. Bxd5 Bxd5
21. Rc1 Qe7 22. Qe3 Qb7 23. Nc4 1/2-1/2

[Event "V Memorial Gianfranco Molinari A"]
[Site "Milano ITA"]
[Date "2011.10.30"]
[Round "4"]
[White "Cerioni, Armando"]
[Black "Popovich, Fabio"]
[Result "1-0"]
[WhiteElo "1958"]
[BlackElo "1805"]
[PlyCount "65"]
[EventDate "2011.10.28"]

1. d4 d5 2. Nf3 c6 3. e3 Nf6 4. c4 e6 5. Nbd2 Nbd7 6. b3 Bd6 7. Bb2 O-O 8. Bd3
Qe7 9. Ne5 c5 10. O-O cxd4 11. exd4 b6 12. Qf3 Bb7 13. Qh3 Bb4 14. Ndf3 dxc4
15. bxc4 Be4 16. Bxe4 Nxe4 17. Nc6 Qd6 18. d5 Bc3 19. Bxc3 Nxc3 20. Nfd4 Ne4
21. dxe6 Ng5 22. exf7+ Rxf7 23. Qg4 h6 24. h4 Rf4 25. Qg3 Ne4 26. Qh3 Ndc5 27.
Ne2 Nxf2 28. Rxf2 Rxf2 29. Kxf2 Qf6+ 30. Qf3 Ne4+ 31. Ke3 Qxc6 32. Nd4 Qg6 33.
h5 1-0

[Event "V Memorial Gianfranco Molinari A"]
[Site "Milano ITA"]
[Date "2011.10.30"]
[Round "4"]
[White "Jara, Erik"]
[Black "Pace, Pietro Dario"]
[Result "1/2-1/2"]
[WhiteElo "2158"]
[BlackElo "2276"]
[PlyCount "43"]
[EventDate "2011.10.28"]

1. c4 c6 2. e4 d5 3. exd5 cxd5 4. Nf3 Nf6 5. cxd5 Nxd5 6. Nc3 e6 7. d4 Be7 8.
Bd3 O-O 9. O-O Nc6 10. Re1 Re8 11. a3 Nxc3 12. bxc3 Bd7 13. Bd2 b6 14. h4 Bxh4
15. Nxh4 Qxh4 16. Re4 Qf6 17. Rf4 Qe7 18. Bxh7+ Kxh7 19. Qh5+ Kg8 20. Rh4 f6
21. Qh8+ Kf7 22. Qh5+ 1/2-1/2

[Event "V Memorial Gianfranco Molinari A"]
[Site "Milano ITA"]
[Date "2011.10.30"]
[Round "4"]
[White "Martinez, Rolly"]
[Black "Gongalov, Bojan"]
[Result "1-0"]
[WhiteElo "2411"]
[BlackElo "2084"]
[PlyCount "82"]
[EventDate "2011.10.28"]

1. e4 c5 2. Nf3 a6 3. c4 e6 4. Nc3 d6 5. d4 cxd4 6. Nxd4 Qc7 7. Be2 Nf6 8. O-O
Nbd7 9. Be3 g6 10. Qd2 Ne5 11. Bg5 Bg7 12. Rac1 O-O 13. Rfd1 b6 14. Nb3 Ne8 15.
f4 Nc6 16. Bf3 Bb7 17. Nd5 exd5 18. cxd5 Qd7 19. dxc6 Bxc6 20. Rxc6 Qxc6 21. e5
Qc8 22. Bxa8 Qxa8 23. exd6 Nf6 24. d7 Rd8 25. Bxf6 Bxf6 26. Qd6 Kg7 27. Qxb6
Qe4 28. Qd6 Bxb2 29. Na5 Bf6 30. Nc6 Qe3+ 31. Kh1 Ra8 32. d8=Q Bxd8 33. Nxd8
Ra7 34. h3 Re7 35. Nc6 Re4 36. f5 gxf5 37. Nd4 Qf2 38. Kh2 Re3 39. Rd2 Qf1 40.
Nf3 Re6 41. Qd4+ Kg6 1-0

[Event "V Memorial Gianfranco Molinari A"]
[Site "Milano ITA"]
[Date "2011.10.30"]
[Round "4"]
[White "Olivieri, Alessandro"]
[Black "Rossi, Giampiero"]
[Result "1-0"]
[WhiteElo "1936"]
[BlackElo "1902"]
[PlyCount "49"]
[EventDate "2011.10.28"]

1. d4 d5 2. c4 e6 3. Nf3 c6 4. e3 Nf6 5. b3 Nbd7 6. Bb2 Be7 7. Bd3 O-O 8. Qc2
b6 9. O-O Bb7 10. Nc3 Rc8 11. Ne5 Qc7 12. f4 Rfd8 13. Rf3 Nf8 14. Raf1 dxc4 15.
bxc4 c5 16. Rh3 cxd4 17. Nb5 Qb8 18. Nxd4 Qa8 19. Ng4 h6 20. Rg3 Nxg4 21. Rxg4
Bf6 22. Nc6 Bxb2 23. Qxb2 g6 24. Ne7+ Kh7 25. Qf6 1-0

[Event "V Memorial Gianfranco Molinari A"]
[Site "Milano ITA"]
[Date "2011.10.30"]
[Round "4"]
[White "Paganini, Andrea"]
[Black "Radice, Luca"]
[Result "0-1"]
[WhiteElo "1847"]
[BlackElo "1972"]
[PlyCount "112"]
[EventDate "2011.10.28"]

1. e4 e6 2. d4 d5 3. e5 c5 4. Qg4 cxd4 5. Bd3 Nc6 6. Nf3 Bd7 7. O-O Nb4 8. Qxd4
Nxd3 9. cxd3 Ne7 10. Nc3 Nf5 11. Qf4 Be7 12. Bd2 h6 13. h3 g5 14. Qh2 Qb6 15.
a4 a5 16. g4 Nd4 17. Nxd4 Qxd4 18. Qg3 O-O-O 19. Nb5 Bxb5 20. axb5 Bb4 21. Bc3
Qc5 22. Qe3 d4 23. Bxb4 Qxb4 24. Qe1 Qxe1 25. Rfxe1 Kc7 26. Rxa5 Kb6 27. Ra4
Rd5 28. Rc4 Rhd8 29. Kg2 Rxb5 30. Re4 Rxb2 31. Rexd4 Rxd4 32. Rxd4 Kc6 33. Rd8
Rb5 34. d4 Rd5 35. Rc8+ Kd7 36. Rc4 b5 37. Rb4 Kc6 38. Kf3 Kb6 39. Ke4 Ka5 40.
Rb1 b4 41. Kd3 Kb5 42. Rc1 Rd7 43. Rc8 Ra7 44. Rb8+ Ka4 45. Kc2 Rc7+ 46. Kb2
Rc3 47. Ra8+ Kb5 48. Rb8+ Kc4 49. Rb7 Rf3 50. Rc7+ Kxd4 51. Rc2 Kxe5 52. Re2+
Kf6 53. Kc2 b3+ 54. Kb2 Rxh3 55. Ka3 Rf3 56. Kb2 Rf4 0-1

[Event "V Memorial Gianfranco Molinari A"]
[Site "Milano ITA"]
[Date "2011.10.30"]
[Round "4"]
[White "Pedroli, Marco"]
[Black "Moreschi, Mauro"]
[Result "0-1"]
[WhiteElo "1900"]
[BlackElo "1861"]
[PlyCount "106"]
[EventDate "2011.10.28"]

1. e4 d6 2. d4 Nf6 3. Nc3 e5 4. dxe5 dxe5 5. Qxd8+ Kxd8 6. Bg5 Be6 7. Nf3 Nbd7
8. O-O-O Kc8 9. a3 c6 10. Nd2 Ng4 11. Bh4 Bc5 12. f3 Bf2 13. fxg4 Bxh4 14. g3
Bg5 15. h3 Kc7 16. Kb1 Be3 17. Rh2 b5 18. Bd3 f6 19. Nf1 Bc5 20. Rhd2 a5 21.
Bxb5 cxb5 22. Nxb5+ Kd8 23. a4 Rb8 24. b3 Rb6 25. Rd3 Ke7 26. Ne3 Bxe3 27. Rxe3
Nc5 28. Nc7 Rd8 29. Rxd8 Kxd8 30. Nxe6+ Nxe6 31. Rd3+ Kc7 32. Rd5 Ra6 33. Kb2
Ng5 34. Rc5+ Kd6 35. Rc4 Nxh3 36. Ka3 Nf2 37. c3 Rc6 38. Rxc6+ Kxc6 39. b4 Nxe4
40. Kb3 Nxc3 41. Kxc3 axb4+ 42. Kxb4 Kb6 43. a5+ Ka6 44. Kc4 Kxa5 45. Kd5 h6
46. Kc5 g5 47. Kd5 Kb4 48. Ke4 Kc5 49. Kd3 Kd5 50. Ke3 e4 51. Ke2 Kd4 52. Kd2
Ke5 53. Ke3 f5 0-1

[Event "V Memorial Gianfranco Molinari A"]
[Site "Milano ITA"]
[Date "2011.10.30"]
[Round "4"]
[White "Pelizzola, Danilo"]
[Black "Bozzali, Ermanno"]
[Result "0-1"]
[WhiteElo "2006"]
[BlackElo "2133"]
[PlyCount "108"]
[EventDate "2011.10.28"]

1. e4 c5 2. Nf3 d6 3. d4 cxd4 4. Nxd4 Nf6 5. Nc3 a6 6. Be2 e5 7. Nb3 Be7 8. O-O
O-O 9. Be3 Be6 10. Qd2 Nbd7 11. Rfd1 Rc8 12. a4 Qc7 13. a5 Qc6 14. Bf3 Rfd8 15.
Qe1 Bf8 16. Rd2 Qc7 17. Nc1 b5 18. Nd3 Qb7 19. Nb4 Rc4 20. Nbd5 b4 21. Nxf6+
Nxf6 22. Nd5 Nxd5 23. exd5 Bf5 24. Rc1 Rdc8 25. Bb6 Bxc2 26. Be2 Bd3 27. Rxc4
Bxc4 28. Bg4 Re8 29. Qe4 Bb5 30. Qxb4 g6 31. Qb3 f5 32. Bd1 Rc8 33. Rc2 Rxc2
34. Bxc2 Qc8 35. g3 Qc4 36. h4 Qf1+ 37. Kh2 Be2 38. Qe3 Bg4 39. Bd3 Qh3+ 40.
Kg1 f4 41. gxf4 Bf3 42. Qxf3 Qxf3 43. Bxa6 Qxd5 44. fxe5 dxe5 45. Bc8 Bc5 46.
b3 Bxb6 47. axb6 Qxb3 48. b7 Kf8 49. Kg2 Ke7 50. Kh2 Kf6 51. Kg2 e4 52. Kh2 Ke5
53. Kg2 Kf4 54. Kh2 Qb2 0-1

[Event "V Memorial Gianfranco Molinari A"]
[Site "Milano ITA"]
[Date "2011.10.30"]
[Round "4"]
[White "Quaranta, Cristiano"]
[Black "Nicolo', Filippo"]
[Result "0-1"]
[WhiteElo "2128"]
[BlackElo "2017"]
[PlyCount "26"]
[EventDate "2011.10.28"]

1. Nf3 d5 2. d4 c6 3. c4 dxc4 4. e3 Be6 5. a4 b5 6. axb5 cxb5 7. b3 Bd5 8. bxc4
bxc4 9. Bxc4 Bxc4 10. Qa4+ Nd7 11. Qxc4 Rc8 12. Qd5 Rxc1+ 13. Kd2 Rxh1 0-1

[Event "V Memorial Gianfranco Molinari A"]
[Site "Milano ITA"]
[Date "2011.10.30"]
[Round "4"]
[White "Sbarra, Marco"]
[Black "Cazzaniga, Walter"]
[Result "1-0"]
[WhiteElo "2227"]
[BlackElo "2118"]
[PlyCount "87"]
[EventDate "2011.10.28"]

1. d4 d5 2. c4 e6 3. Nc3 Nf6 4. cxd5 exd5 5. Bg5 Be7 6. e3 c6 7. Qc2 O-O 8. Bd3
Nbd7 9. Nf3 Re8 10. O-O Nf8 11. h3 Ne4 12. Bf4 f5 13. Ne5 Bf6 14. f3 Nd6 15.
Rad1 Qe7 16. Rfe1 Bxe5 17. Bxe5 Nf7 18. Bg3 Qf6 19. e4 Qg5 20. Kh2 dxe4 21.
fxe4 f4 22. Bf2 Nh6 23. e5 Be6 24. Ne4 Qh5 25. Be2 Bg4 26. Qb3+ Kh8 27. Bxg4
Nxg4+ 28. Kg1 Nxf2 29. Kxf2 Re7 30. Nd6 Ne6 31. Qf3 Qg6 32. Qd3 Qg5 33. Kg1 Rf8
34. Rf1 g6 35. Qa3 c5 36. dxc5 f3 37. Rxf3 Nf4 38. Rd2 Nxh3+ 39. Kh1 Nf4 40.
Rdf2 Rxe5 41. Qc3 Rf6 42. Rxf4 Rxf4 43. Rxf4 Qxf4 44. Qxe5+ 1-0

[Event "V Memorial Gianfranco Molinari A"]
[Site "Milano ITA"]
[Date "2011.10.31"]
[Round "5"]
[White "Barberi, Alessandro"]
[Black "Sbarra, Marco"]
[Result "1/2-1/2"]
[WhiteElo "2062"]
[BlackElo "2227"]
[PlyCount "84"]
[EventDate "2011.10.28"]

1. e4 e5 2. Nc3 Nf6 3. Nf3 Nc6 4. g3 d5 5. exd5 Nxd5 6. Nxd5 Qxd5 7. Bg2 Qe4+
8. Qe2 Qxe2+ 9. Kxe2 e4 10. Ne1 Bf5 11. c3 O-O-O 12. f3 exf3+ 13. Bxf3 Ne5 14.
d4 Nxf3 15. Nxf3 Bd6 16. Be3 f6 17. c4 Rhe8 18. Kf2 Rd7 19. a3 g5 20. Rhe1 c6
21. Rad1 Rde7 22. b4 Bc2 23. Rc1 Be4 24. Nd2 Bd3 25. Rc3 Bg6 26. Nf3 h5 27. Bd2
Rxe1 28. Nxe1 h4 29. gxh4 gxh4 30. Rh3 Re4 31. Nf3 Bf5 32. Rxh4 Rxh4 33. Nxh4
Bd3 34. Nf3 Bxc4 35. h4 Bf7 36. Bh6 a5 37. bxa5 Bxa3 38. Kg3 Kd7 39. Nd2 Bb2
40. Be3 Ke6 41. Ne4 Ba3 42. Nc5+ Bxc5 1/2-1/2